000 00592nam a2200181 i 4500
001 52195
003 ES-MaACL
005 20230906162535.0
007 t|
008 030826s1971 sp ||||1| spa d
100 1 _aChristy, Robert W.
_938674
245 1 0 _aEstructura de la materia
_b: una introducción a la física moderna /
_cRobert W. Christy, Agnar Pytte ; versión Rodolfo H. Busch.
260 _aBarcelona :
_bReverté,
_c1971.
300 _a610 p. :
_bil. ;
_c22 cm.
700 1 _aPytte, Agnar.
_994465
700 1 _aBusch, Rodolfo H.
_932808
852 _aES-MaACL
_jC-38313
_bR.77867
999 _c52195
_d52195